• 首页
  • 本馆介绍
  • 公告通知
  • 最新文献
  • 馆藏检索
  • 电子资源
  • 读者导购
  • 参考咨询
  • 我的图书馆
  • 登录
  • 详细信息显示
  • 放入我的书架
  • 预约/预借图书
  • 作者相关作品
  • 分类相关作品
  • 丛书相关作品
  • 出版社相关作品

书目信息

  • 表格格式
  • 工作单格式
  • 卡片格式
题名:
网箱养鱼新技术问答
    
 
作者: 周之武
分册:  
出版信息:   科学普及出版社  1997.07
页数: 128页
开本: 19cm
丛书名:
单 册:
中图分类: S964.7-44
科图分类:
主题词: 水产养殖--技术
电子资源:
ISBN: 7-110-04270-7
000 00541nam0 2200193 45
001 0308271001
005 20030827105644.0
010    @a7-110-04270-7@dRMB6.00
100    @a20030827d1997 km y0chiy0120 ea
101    @achi
105    @a z 000yy
200 1  @a网箱养鱼新技术问答@Awang xiang yang yu xin ji shu wen da@f周之武@Fzhou zhi wu
210    @c科学普及出版社@d1997.07
215    @a128页@c无图表@d19cm
606 0  @a水产养殖@x技术
690    @aS964.7-44@v3
701  0 @a周之武
801    @aCN@b@c20030827
905    @aBZT@dS964.7-44@e60
    
    网箱养鱼新技术问答/周之武.-科学普及出版社,1997.07
    128页:无图表;19cm
    
    
    ISBN 7-110-04270-7:RMB6.00
    
●
相关链接 在五车中查询图书 在当当中查询图书 在豆瓣中查询图书


正题名:网箱养鱼新技术问答     索取号:S964.7-44/60         预约/预借

序号 登录号 条形码 馆藏地/架位号 状态 备注
1 82865   200318496   中心书库中库/ 中库031架A面7列3层22/ [索取号:S964.7-44/60] 在馆    
2 82866   200318502   中心书库中库/ 中库031架A面7列3层25/ [索取号:S964.7-44/60] 在馆    
3 82867   200318478   中心书库中库/ 中库031架A面7列3层21/ [索取号:S964.7-44/60] 在馆    
4 82868   200318487   中心书库中库/ 中库031架A面7列3层24/ [索取号:S964.7-44/60] 在馆    
5 82869   200318450   中心书库中库/ 中库031架A面7列3层23/ [索取号:S964.7-44/60] 在馆    
山东省滨州职业学院图书馆 欢迎您!
大连网信软件有限公司© 版权所有